Ngữ pháp tiếng việt phổ thông Tập 2
Khái quát về cụm từ: cụm động từ, danh từ. Phân loại, thành phần cấu tạo ngữ pháp câu đơn, câu ghép, tường thuật, nghi vấn, mệnh lệnh, phủ định, ...
Guardado en:
| Autor principal: | |
|---|---|
| Formato: | Libro |
| Lenguaje: | Vietnamese |
| Publicado: |
H.
Đại học và Giáo dục chuyên nghiệp
1989
|
| Materias: | |
| Etiquetas: |
Agregar Etiqueta
Sin Etiquetas, Sea el primero en etiquetar este registro!
|
| Thư viện lưu trữ: | Mạng thư viện Đại học Đà Nẵng |
|---|
| LEADER | 01299nam a2200337 4500 | ||
|---|---|---|---|
| 001 | 000008319 | ||
| 003 | 4505 | ||
| 005 | 20111116141108.0 | ||
| 008 | 111014s1989 viesd | ||
| 041 | 0 | |a vie | |
| 082 | |a 495.9225 |b DI-B | ||
| 100 | 0 | |a Diệp Quang Ban | |
| 245 | 1 | 0 | |a Ngữ pháp tiếng việt phổ thông |c Diệp Quang Ban |n Tập 2 |
| 260 | |a H. |b Đại học và Giáo dục chuyên nghiệp |c 1989 | ||
| 300 | |a 273tr. |c 19 cm | ||
| 520 | |a Khái quát về cụm từ: cụm động từ, danh từ. Phân loại, thành phần cấu tạo ngữ pháp câu đơn, câu ghép, tường thuật, nghi vấn, mệnh lệnh, phủ định, ... | ||
| 653 | |a Ngữ pháp | ||
| 653 | |a tiếng Việt | ||
| 653 | |a câu | ||
| 773 | |t Ngữ pháp tiếng việt phổ thông |w 4501 | ||
| 910 | |a Quang Huy |d 14/10/2011 | ||
| OWN | |a LSP | ||
| AVA | |a UDN50 |b LSP |d 495.9225 DI-B |e check_holdings |t Error 5003 Not defined in file expand_doc_bib_avail. |h N |k 1 | ||
| 999 | |a From the UDN01 | ||
| AVA | |a UDN50 |b LSP |d 495.9225 DI-B |e available |t Error 5001 Not defined in file expand_doc_bib_avail. |f 26 |g 1 |h N |i 2 |k 1 | ||
| TYP | |a Monograph | ||
| TYP | |a Printed language | ||
| 980 | |a Mạng thư viện Đại học Đà Nẵng | ||